[Event "Taubate op 2nd"]
[Site "Taubate"]
[Date "2021.12.17"]
[Round "3"]
[White "Pereira, Marcos Luciano Mart"]
[Black "Zakowicz, Rafael"]
[Result "0-1"]
[WhiteElo "1715"]
[BlackElo "1905"]
[PlyCount "104"]
[EventDate "2021.12.16"]
[EventType "swiss"]
[EventRounds "6"]
[EventCountry "BRA"]
[SourceTitle "CBM 206 Extra"]
[Source "ChessBase"]
[SourceDate "2022.03.31"]
[SourceVersion "1"]
[SourceVersionDate "2022.03.31"]
[SourceQuality "1"]

1. e4 c5 2. Nf3 d6 3. Be2 e5 4. 0-0 Nf6 5. Nc3 Nc6 6. d3 Be7 7. Ne1 Nd4 8. f4 exf4 9. Bxf4 Be6 10. Nf3 Nxe2+ 11. Qxe2 0-0 12. Bxd6 Bxd6 13. e5 Be7 14. exf6 Bxf6 15. Kh1 Re8 16. Qf2 Rc8 17. Ne4 Be7 18. Rae1 a5 19. a4 b6 20. Ne5 Qd4 21. Qxd4 cxd4 22. Re2 Rc7 23. Rfe1 Rec8 24. c3 Bb3 25. Nf3 dxc3 26. Nxc3 Bb4 27. Re8+ Rxe8 28. Rxe8+ Bf8 29. h3 f6 30. Rb8 Bc2 31. Ne1 Bb3 32. Rxb6 Bb4 33. Nf3 Rd7 34. d4 Kf7 35. g4 Bc2 36. Na2 Be4 37. Kg2 Rxd4 38. Nxb4 axb4 39. Kf2 Rd3 40. Ng1 Rb3 41. a5 Rxb2+ 42. Ke3 Bc2 43. Rb7+ Kg6 44. h4 b3 45. Ne2 Ra2 46. Nf4+ Kh6 47. g5+ fxg5 48. hxg5+ Kxg5 49. Rxg7+ Kf6 50. Nh5+ Ke6 51. Nf4+ Kd6 52. Kd2 Bf5+ 0-1

[Event "Taubate op 2nd"]
[Site "Taubate"]
[Date "2021.12.16"]
[Round "1"]
[White "Lage, Pedro Ferreira"]
[Black "Pereira, Marcos Luciano Mart"]
[Result "1-0"]
[WhiteElo "2129"]
[BlackElo "1715"]
[PlyCount "49"]
[EventDate "2021.12.16"]
[EventType "swiss"]
[EventRounds "6"]
[EventCountry "BRA"]
[SourceTitle "CBM 206 Extra"]
[Source "ChessBase"]
[SourceDate "2022.03.31"]
[SourceVersion "1"]
[SourceVersionDate "2022.03.31"]
[SourceQuality "1"]

1. Nf3 c5 2. c4 Nc6 3. d4 cxd4 4. Nxd4 Nf6 5. Nc3 a6 6. g3 d6 7. Bg2 Bd7 8. 0-0 e6 9. b3 Be7 10. Bb2 0-0 11. Nc2 Rc8 12. Qd2 Qc7 13. Rac1 Rfd8 14. Rfd1 Nb8 15. Ne3 Bc6 16. Ncd5 exd5 17. cxd5 Qd7 18. dxc6 bxc6 19. Qd3 d5 20. Nf5 Ne8 21. Bh3 Kf8 22. Nxe7 Qxh3 23. Ba3 Nd6 24. Nxc8 Qxc8 25. Qxh7 1-0

[Event "Rio de Janeiro Estadual-ch"]
[Site "Rio de Janeiro"]
[Date "2021.11.13"]
[Round "1"]
[White "Lage, Pedro Ferreira"]
[Black "Pereira, Marcos Luciano Mart"]
[Result "1-0"]
[WhiteElo "2141"]
[BlackElo "1717"]
[PlyCount "42"]
[EventDate "2021.11.13"]
[EventType "swiss"]
[EventRounds "6"]
[EventCountry "BRA"]
[SourceTitle "CBM 205 Extra"]
[Source "ChessBase"]
[SourceDate "2022.01.31"]
[SourceVersion "1"]
[SourceVersionDate "2022.01.31"]
[SourceQuality "1"]

1. Nf3 c5 2. c4 Nf6 3. Nc3 d6 4. d4 cxd4 5. Nxd4 a6 6. g3 Qc7 7. b3 Bd7 8. Bg2 e6 9. Bb2 Be7 10. 0-0 Nc6 11. Rc1 Nxd4 12. Qxd4 Bc6 13. Nd5 Qd8 14. Nxe7 Bxg2 15. Kxg2 Kxe7 16. c5 e5 17. Qb4 Re8 18. Rfd1 Kf8 19. cxd6 Qd7 20. Rc7 Qf5 21. d7+ Re7 1-0

[Event "Rio de Janeiro-ch Estadual"]
[Site "Rio de Janeiro"]
[Date "2016.11.06"]
[Round "3.6"]
[White "Pereira, Marcos Luciano Mart"]
[Black "Soares, Joao Carlos TC"]
[Result "1-0"]
[WhiteElo "1750"]
[BlackElo "1881"]
[PlyCount "103"]
[EventDate "2016.11.04"]
[EventType "swiss"]
[EventRounds "6"]
[EventCountry "BRA"]
[SourceTitle "EXT 2022"]
[Source "ChessBase"]
[SourceDate "2021.10.06"]
[SourceVersion "1"]
[SourceVersionDate "2021.10.06"]
[SourceQuality "1"]

1. d4 f5 2. b3 Nf6 3. Bb2 e6 4. Nd2 b6 5. Ngf3 Bb7 6. e3 Be7 7. Bc4 0-0 8. 0-0 Nc6 9. Ne5 Na5 10. Bd3 d6 11. Nec4 Nc6 12. e4 Nb4 13. e5 Nfd5 14. exd6 cxd6 15. Be2 Rc8 16. c3 Na6 17. Bf3 Bg5 18. Re1 Re8 19. Bxd5 Bxd5 20. Ne3 Bb7 21. Nf3 Qf6 22. Nxg5 Qxg5 23. f3 f4 24. Nc4 Rcd8 25. Ba3 Qe7 26. Nb2 Qc7 27. c4 e5 28. Rc1 e4 29. fxe4 Bxe4 30. Qg4 Qf7 31. Rf1 f3 32. Rce1 d5 33. gxf3 Bg6 34. cxd5 Qxd5 35. Rxe8+ Bxe8 36. Re1 Bd7 37. Qe4 Qh5 38. d5 Nc5 39. Bxc5 bxc5 40. d6 Qg5+ 41. Kh1 Rf8 42. Nd3 Be8 43. f4 Qd8 44. Qe7 Qa8+ 45. Kg1 Bc6 46. Qe6+ Kh8 47. d7 Bh1 48. Re2 Bf3 49. Rc2 Bd5 50. Qe7 Be4 51. Rxc5 Bh1 52. Qxf8+ 1-0

[Event "Rio de Janeiro CXG 1st"]
[Site "Rio de Janeiro"]
[Date "2016.03.12"]
[Round "6.8"]
[White "Pereira, Marcos Luciano Mart"]
[Black "Saraiva, Alexandre Pacheco"]
[Result "1-0"]
[WhiteElo "1737"]
[BlackElo "1909"]
[PlyCount "81"]
[EventDate "2016.02.27"]
[EventType "swiss"]
[EventRounds "6"]
[EventCountry "BRA"]
[SourceTitle "EXT 2022"]
[Source "ChessBase"]
[SourceDate "2021.10.06"]
[SourceVersion "1"]
[SourceVersionDate "2021.10.06"]
[SourceQuality "1"]

1. d4 Nf6 2. e3 e6 3. Bd3 c5 4. c3 d5 5. Nf3 Nbd7 6. Nbd2 Bd6 7. 0-0 0-0 8. Re1 Qc7 9. h3 e5 10. e4 Re8 11. exd5 Nxd5 12. dxe5 Nxe5 13. Nxe5 Rxe5 14. Nc4 Rxe1+ 15. Qxe1 Be6 16. Nxd6 Qxd6 17. Bg5 Re8 18. Qe4 f5 19. Qf3 h6 20. Bb5 Rf8 21. Bd2 a6 22. Be2 Qc6 23. Qg3 f4 24. Qf3 Ne7 25. Re1 Bd5 26. Qg4 Be6 27. Qh4 Ng6 28. Qh5 Bxa2 29. Bf3 Qd6 30. Bc1 b6 31. Rd1 Qf6 32. Bd5+ Bxd5 33. Qxd5+ Kh8 34. Qb7 a5 35. Qc7 f3 36. Be3 Re8 37. Rd6 Re6 38. Qc8+ Nf8 39. Rxe6 Qxe6 40. Qxf8+ Kh7 41. Qxf3 1-0

[Event "Rio de Janeiro I IRT do CXG"]
[Site "Rio de Janeiro"]
[Date "2014.02.01"]
[Round "4.6"]
[White "Almeida, Gianluca Jorio"]
[Black "Pereira, Marcos Luciano Mart"]
[Result "1-0"]
[WhiteElo "1668"]
[BlackElo "1903"]
[PlyCount "79"]
[EventDate "2014.01.25"]
[EventType "swiss"]
[EventRounds "6"]
[EventCountry "BRA"]
[SourceTitle "EXT 2022"]
[Source "ChessBase"]
[SourceDate "2021.10.06"]
[SourceVersion "1"]
[SourceVersionDate "2021.10.06"]
[SourceQuality "1"]

1. c4 e6 2. Nc3 f5 3. g3 Nf6 4. Bg2 Nc6 5. d4 Be7 6. Bg5 0-0 7. Nf3 Ng4 8. Bxe7 Qxe7 9. e3 Qb4 10. Qb3 a5 11. Qxb4 Nxb4 12. 0-0 d6 13. a3 Na6 14. e4 f4 15. h3 Nh6 16. g4 Kh8 17. e5 Bd7 18. Rfe1 Rac8 19. b3 c5 20. exd6 Nf7 21. Ne5 Nxe5 22. dxe5 f3 23. Bf1 h5 24. Bd3 hxg4 25. hxg4 Rf4 26. Re4 Rcf8 27. Kh2 Bc6 28. Kg3 Bxe4 29. Nxe4 g6 30. Ng5 Rd4 31. Nxe6 Rxd3 32. Nxf8 Kg7 33. Ne6+ Kf7 34. Ng5+ Ke8 35. Rh1 Rxb3 36. Rh8+ Kd7 37. Rh7+ Kc6 38. d7 Rd3 39. e6 Nc7 40. Nf7 1-0

[Event "Rio de Janeiro Primavera HERMATEC"]
[Site "Rio de Janeiro"]
[Date "2013.11.03"]
[Round "4.4"]
[White "Pereira, Marcos Luciano Mart"]
[Black "Morais, Wagner Soares"]
[Result "1/2-1/2"]
[WhiteElo "1901"]
[BlackElo "1803"]
[PlyCount "114"]
[EventDate "2013.11.03"]
[EventType "swiss"]
[EventRounds "5"]
[EventCountry "BRA"]
[SourceTitle "EXT 2022"]
[Source "ChessBase"]
[SourceDate "2021.10.06"]
[SourceVersion "1"]
[SourceVersionDate "2021.10.06"]
[SourceQuality "1"]

1. d4 Nf6 2. Nf3 g6 3. e3 Bg7 4. b3 0-0 5. Bb2 d6 6. Nbd2 Nbd7 7. Rc1 Re8 8. c4 e5 9. dxe5 Nxe5 10. Nxe5 dxe5 11. Nf3 e4 12. Qxd8 Rxd8 13. Nd2 Bf5 14. h3 h5 15. Be2 Rd7 16. g4 hxg4 17. Bxf6 Bxf6 18. hxg4 Be6 19. Nxe4 Be7 20. 0-0 Rad8 21. Rfd1 Kg7 22. Rxd7 Rxd7 23. Rd1 Rxd1+ 24. Bxd1 f5 25. gxf5 gxf5 26. Nc3 c6 27. Ne2 Kf6 28. Nf4 Bf7 29. Kf1 Ke5 30. Bf3 Kd6 31. Ke2 Kc5 32. Nd3+ Kd6 33. e4 fxe4 34. Bxe4 Bh5+ 35. Ke3 Bf6 36. c5+ Ke7 37. Bf5 Kd8 38. Nf4 Bf7 39. Be6 Be8 40. Ke4 Bc3 41. Nd3 Bg6+ 42. Bf5 Bh5 43. f3 Ke7 44. Bg4 Bg6+ 45. Bf5 Bh5 46. Bc8 Bg6+ 47. Ke3 b6 48. cxb6 axb6 49. Bb7 Kd6 50. Nf2 Kc7 51. Ba6 b5 52. a4 bxa4 53. bxa4 Kb6 54. Bd3 Bf7 55. Ne4 Bb4 56. Bc2 Ka5 57. Kd4 Bg6 1/2-1/2

[Event "Rio de Janeiro IRT DE OUTONO TTC 2nd"]
[Site "Rio de Janeiro"]
[Date "2013.05.30"]
[Round "1.2"]
[White "Rios Filho, Hilton Carlos da Si"]
[Black "Pereira, Marcos Luciano Mart"]
[Result "1-0"]
[WhiteElo "2131"]
[BlackElo "1913"]
[PlyCount "53"]
[EventDate "2013.05.30"]
[EventType "swiss"]
[EventRounds "6"]
[EventCountry "BRA"]
[SourceTitle "EXT 2022"]
[Source "ChessBase"]
[SourceDate "2021.10.06"]
[SourceVersion "1"]
[SourceVersionDate "2021.10.06"]
[SourceQuality "1"]

1. d4 Nf6 2. Nf3 g6 3. g3 Bg7 4. Bg2 0-0 5. 0-0 d6 6. c4 Re8 7. Qc2 c5 8. Rd1 Qc7 9. b3 Bf5 10. Qd2 Ne4 11. Qe1 Nc6 12. Bb2 Nb4 13. Rc1 Bh6 14. Nbd2 Nxd2 15. Nxd2 Rad8 16. Qd1 Bg7 17. a3 Nc6 18. Nf3 Bg4 19. e3 cxd4 20. exd4 Bh6 21. Rc2 Qb6 22. b4 e5 23. d5 Nxb4 24. axb4 e4 25. Qd4 Qxd4 26. Nxd4 e3 27. f3 1-0